| 000 | 00325nam a2200121Ia 4500 | ||
|---|---|---|---|
| 008 | 230907s9999||||xx |||||||||||||| ||und|| | ||
| 082 |
_a398.20951 _bWER |
||
| 100 |
_aWerner, E. T. C. _9115957 |
||
| 245 | 0 | _aMyths and legends of China / | |
| 260 |
_aDover Publications, _bNew York : _c1994 |
||
| 300 | _a453 p. : | ||
| 942 | _cBK | ||
| 999 |
_c600451 _d600451 |
||